A recent history of lesbian and gay psychology : from homophobia to LGBT /

Gespeichert in:
Bibliographische Detailangaben
1. Verfasser: Hegarty, Peter
Format: Buch
Sprache:Englisch
Veröffentlicht: Abingdon ; New York : Routledge, 2018
Tags: Tag hinzufügen
Keine Tags, Fügen Sie das erste Tag hinzu!

MARC

LEADER 00000nam a22000007i 4500
001 IT\ICCU\UBO\4860832
003 ItRI
005 20260115232010.0
008 250218s2018 xxk|||||| ||||| |||||c
020 |a 9781138679405 
040 |b ita  |c importazione bologna sebina 
041 7 |a eng  |2 ISO-639-2 
100 1 |a Hegarty, Peter  |0 IT\ICCU\UBOV\154170 
240 1 2 |a A recent history of lesbian and gay psychology  |3 IT\ICCU\UBO\4860833  |9 Hegarty, Peter 
245 1 2 |a A recent history of lesbian and gay psychology :  |b from homophobia to LGBT /  |c Peter Hegarty. 
260 |a Abingdon ;  |a New York :  |b  Routledge,  |c 2018 
300 |a vii, 129 p. ;  |c 24 cm 
942 |2 ddc  |c BK  |n 0 
952 |0 0  |1 0  |4 0  |6 DOC_150_900000000000000_HEG  |7 0  |9 18640  |a BO  |b BO  |d 2026-01-15  |i 20105  |l 0  |o DOC 150.9 HEG  |p BO20105  |r 2026-01-15 23:20:10  |w 2026-01-15  |x [Sebina 5] [1 v.]  |y BK  |z 1 v. 
999 |c 15804  |d 15804